000 02414nam0a2200373 i 4500
001 RU\NLR\BIBL_A\010831133
005 20260405090255.0
010 _a9785896093381
_9200
021 _aRU
_b2015-57216
_93388
035 _a(NILC)RuMoRGB-007988133
035 _a(NLR Aleph) 010831133
090 _a10289318
_c10289318
100 _a20150910d2014 um y0rusy50 ca
101 0 _arus
_deng
102 _aRU
105 _aa|||j||||01yy
200 1 _aДеградация мелиорированных почв России и сопредельных стран в результате изменения их водного режима и способы защиты
_dDegradation of ameliorated soils in Russia and adjacent countries as resulted from changes in their water regime. Methods of protection
_eучебное пособие для студентов высших учебных заведений по направлению высшего профессионального образования 021900 "Почвоведение"
_fФ. Р. Зайдельман
_zeng
210 _aВоронеж
_cКварта
_a[Москва]
_cМосковский государственный университет
_d2014
215 _a268 с.
_cил.
_d24
300 _aАвт. также на англ. яз.: Zaidelman F. R.
300 _aРез. на англ. яз.
320 _aБиблиогр.: с. 254-264
510 1 _6z11790
_aDegradation of ameliorated soils in Russia and adjacent countries as resulted from changes in their water regime. Methods of protection
_zeng
606 1 _aПочвы мелиорируемые
_jУчебные издания для высших учебных заведений
_xДеградация
_xВлияние водного режима
_92248713
_3RU\NLR\AUTH\6601579704
606 1 _aПочвы мелиорируемые
_jУчебные издания для высших учебных заведений
_xДеградация
_xБорьба с ней
_92248728
_3RU\NLR\AUTH\6601579710
675 _a631.4
686 1 _aП064 я73
700 1 _8rus
_7ca
_aЗайдельман
_bФ. Р.
_f1929-
_gФеликс Рувимович
_3RU\NLR\AUTH\7731999
_915009
790 1 _6z11510
_aZajdel'man
_bF. R.
_gFeliks Ruvimovic
801 0 _aRU
_bРГБ
_c20150731
_gRCR
942 _cBOOK
980 _aNBR